LEADER 03896nas 2201297- 450 001 996201390003316 005 20231101152308.0 011 $a1863-5490 035 $a(OCoLC)85449200 035 $a(CKB)110978979432990 035 $a(CONSER)--2018207108 035 $a(DE-599)ZDB2163157-8 035 $a(EXLCZ)99110978979432990 100 $a20070228a19899999 s-- - 101 0 $ager 135 $aurun||||||||| 181 $ctxt$2rdacontent 182 $cc$2rdamedia 183 $acr$2rdacarrier 200 00$aMedizinische Genetik 210 1$aGräfelfing :$cDemeter 210 31$aHeidelberg :$cSpringer 215 $a1 online resource 300 $aRefereed/Peer-reviewed 300 $a"Mitteilungsblatt des Berufsverbandes Medizinische Genetik e.V." 311 $a0936-5931 531 $aMED. GENET 531 $aMED. GEN 531 $aMED GENET-BERLIN 531 $aBERLIN 531 1 $aMed. Genet. 606 $aMedical genetics$vPeriodicals 606 $aHuman genetics$vPeriodicals 606 $aBioethics$vPeriodicals 606 $aBioethics 606 $aChromosome abnormalities 606 $aGenetic disorders 606 $aMedical genetics 606 $aBioethics 606 $aChromosome Aberrations 606 $aGenetic Diseases, Inborn 606 $aGenetics, Medical 606 $aGénétique médicale$vPériodiques 606 $aGénétique humaine$vPériodiques 606 $aBioéthique$vPériodiques 606 $aBioéthique 606 $aAberrations chromosomiques 606 $aMaladies génétiques 606 $aGénétique médicale 606 $aGenetic disorders$2fast$3(OCoLC)fst00940009 606 $aChromosome abnormalities$2fast$3(OCoLC)fst00860059 606 $aBioethics$2fast$3(OCoLC)fst00832038 606 $aHuman genetics$2fast$3(OCoLC)fst00963075 606 $aMedical genetics$2fast$3(OCoLC)fst01014133 606 $aMedische genetica$2gtt 608 $aPeriodical 608 $aFulltext. 608 $aInternet Resources. 608 $aPeriodicals. 608 $aperiodicals.$2aat 608 $aPeriodicals.$2fast 608 $aPeriodicals.$2lcgft 608 $aPériodiques.$2rvmgf 610 00$agenetica 610 00$agenetics 610 00$ageneeskunde 610 00$amedicine 610 00$agenetische stoornissen 610 00$agenetic disorders 610 00$amens 610 00$aman 610 00$ahumane ziekten 610 00$ahuman diseases 610 10$aGenetics (General) 610 20$aMedicine (General) 610 10$aGenetica (algemeen) 610 20$aGeneeskunde (algemeen) 615 0$aMedical genetics 615 0$aHuman genetics 615 0$aBioethics 615 0$aBioethics. 615 0$aChromosome abnormalities. 615 0$aGenetic disorders. 615 0$aMedical genetics. 615 2$aBioethics 615 2$aChromosome Aberrations 615 2$aGenetic Diseases, Inborn 615 2$aGenetics, Medical 615 6$aGénétique médicale 615 6$aGénétique humaine 615 6$aBioéthique 615 6$aBioéthique. 615 6$aAberrations chromosomiques. 615 6$aMaladies génétiques. 615 6$aGénétique médicale. 615 7$aGenetic disorders. 615 7$aChromosome abnormalities. 615 7$aBioethics. 615 7$aHuman genetics. 615 7$aMedical genetics. 615 17$aMedische genetica. 676 $a576.5 712 02$aGesellschaft für Humangenetik. 712 02$aDeutsche Gesellschaft für Humangenetik, 712 02$aÖsterreichische Gesellschaft für Humangenetik, 712 02$aSchweizerische Gesellschaft für Medizinische Genetik, 712 02$aBerufsverband Deutscher Humangenetiker, 906 $aJOURNAL 912 $a996201390003316 996 $aMedizinische Genetik$91930143 997 $aUNISA LEADER 01999oas 2200709 a 450 001 9910144758603321 005 20251106213014.0 011 $a1498-5055 035 $a(OCoLC)47111018 035 $a(CONSER)cn2001702556 035 $a(CKB)991042735608320 035 $a(EXLCZ)99991042735608320 100 $a20010612b20002019 sa a 101 0 $aeng 135 $aurcn||||||||| 181 $ctxt$2rdacontent 182 $cc$2rdamedia 183 $acr$2rdacarrier 200 10$aAnnual report to Parliament /$fNational Energy Board 210 $aCalgary, Alberta $cThe Board$d©2001-2019 300 $aDistributed by the Government of Canada Publishing and Depository Services Program. 300 $aTitle from title screen (viewed May 29, 2001). 311 08$a1498-8496 517 1 $aAnnual report ... to Parliament 517 1 $aRapport annuel ... au Parlement 531 0 $aAnnu. rep. Parliam. 606 $aEnergy policy$zCanada$vPeriodicals 606 $aEnergy industries$zCanada$vPeriodicals 606 $aEnergy industries$2fast$3(OCoLC)fst00910110 606 $aEnergy policy$2fast$3(OCoLC)fst00910200 607 $aCanada$2fast$1https://id.oclc.org/worldcat/entity/E39PBJkMHVW4rfVXPrhVP4VwG3 608 $aPeriodicals.$2fast 615 0$aEnergy policy 615 0$aEnergy industries 615 7$aEnergy industries. 615 7$aEnergy policy. 676 $a354.4 686 $acci1icc$2lacc 686 $acoll11$2lacc 686 $acoll14$2lacc 801 0$bNLC 801 1$bNLC 801 2$bOCLCQ 801 2$bDLC 801 2$bOCLCQ 801 2$bCLU 801 2$bOCLCQ 801 2$bOCLCO 801 2$bOCLCQ 801 2$bSTF 801 2$bOCLCO 801 2$bNLC 801 2$bSXT 801 2$bOCLCF 801 2$bNLC 801 2$bOCLCQ 801 2$bOCLCL 801 2$bOCLCQ 906 $aJOURNAL 912 $a9910144758603321 996 $aAnnual report to Parliament .$92261798 997 $aUNINA